000 00488nam a2200169Ia 4500
003 LDD
008 190117s9999 xx 000 0 und d
020 _a8171780407
_c₹125
040 _cLDD
041 _ahi
082 _a8H3.7 र2601आ-6
100 _aरजा, राही मासूम
245 0 _aआधा गाँव
_cराही मासूम रजा
260 _aनई दिल्ली
_bराजकमल
_c1990
300 _a344पृ.
942 _2ddc
_cH
999 _c167981
_d167981